000 00674nas a2200241 4500
001 BR8807514
003 BR-BrBNA
005 20231205091412.0
007 ta
008 230509b bl.|||p| |||| 00| 00por d
040 _aBR-BrBNA
_bpor
_cBiblioteca Nacional de Agricultura
041 _a(Pt)
072 _aL53; L01
100 1 _aGouveia, A.M.G.
100 1 _aCapistrano, C.M.B.
245 1 _aParto e cuidados perinatais
650 _aCAPRINOCULTURA
650 _aPARTO
650 _aREPRODUCAO ANIMAL
773 0 _tCabras e Bodes (Brazil)
_xISSN 0102-7344
_g(1988), v. 4(17) p. 10-12
_wBR8807514
909 _a202311
_bLúcia
_c55
_dLúcia Elande
942 _2AGRIS
_n0
_cANA
999 _c124842
_d124842